| 000 | 01168nam a22003737a 4500 | ||
|---|---|---|---|
| 003 | CHAP | ||
| 005 | 20220329143749.0 | ||
| 008 | 110725s1996 us a r 00010 eng d | ||
| 010 | _a101601 | ||
| 011 | _a102573 | ||
| 020 | _a9780262133166 | ||
| 035 | _a113262 | ||
| 040 | _cCHAP | ||
| 082 | 0 | 4 |
_a575.1 _bM69 |
| 100 | 1 |
_aMitchell, Melanie _976235 |
|
| 245 | 1 | 3 |
_aAn introduction to genetic algorithms _c/por Melanie Mitchell |
| 260 |
_aCambridge, Mass. : _bMIT Press, _c1996 |
||
| 300 |
_aviii 209 p. : _bilus. |
||
| 490 | _aComplex adaptive systems | ||
| 590 |
_aBATCH-UPD _b10 _c20130110 _lUCH01 _h1121 |
||
| 590 |
_aBATCH-UPD _b10 _c20130410 _lUCH01 _h0711 |
||
| 590 |
_aBATCH-UPD _b10 _c20130914 _lUCH01 _h1020 |
||
| 590 |
_aCONVERSION _b10 _c20130109 _lUCH01 _h1356 |
||
| 650 | 1 | 4 |
_aAlgoritmos. _94077 |
| 650 | 1 | 4 |
_aComputación. _926122 |
| 650 | 1 | 4 |
_aEstadística. _938241 |
| 650 | 1 | 4 |
_aGenética. _947469 |
| 650 | 1 | 4 |
_aInteligencia artificial. _959507 |
| 650 | 1 | 4 |
_aModelos matemáticos. _976419 |
| 830 |
_aComplex adaptive systems _926102 |
||
| 901 | _aBK | ||
| 942 | _cLIBRO | ||
| 949 |
_a575.1 M69 _bBC _cLIBRO _d33724002245058 _eLIBRO _h115347 _i113262 _sb |
||
| 999 |
_c101601 _d101601 |
||